000
00290nam a2200121Ia 4500
008
190216s9999||||xx |||||||||||||| ||und||
100
_a
Sybil P Parker
245
0
_a
Mcgraw-Hill Dictionary Of Chemistry
260
_b
Mcgraw -hill
_c
1986
300
_a
665p
650
_a
Chemistry
942
_c
BK
999
_c
2717
_d
2717